000 00240nam a22000857a 4500
999 _c516294
_d516294
100 _aSurya Foundation
_922781
245 _aJustice :
_bWhen - how - at what cost
_cSurya Foundation
260 _aNew Delhi
_bSurya Foundation
_c1996
300 _a15p.